00918nam a2200229 a 450000100060000000300080000600500170001400800410003103500190007204000250009104100080011608200350012410000270015924501020018626001190028830000330040750000180044065000480045894200120050699900170051895201530053558137BD-RjUL20211209080605.0161217s1960 enkab b 001 0 eng  a(BD-RjUL)58261 aDLCcDLCdOCoLCbeng aeng a331.70967612BD-RjULbELM 19601 aElkan, Walter.917269610aMigrants and proletarians :burban labour in the economic development of Uganda /cWalter Elkan,  aLondon :bPublished on behalf of the East African Institute of Social Research by Oxford University Press,cc1960. aix, 149 p. :bill, ;c23 cm. aInclude index 0aLabor and laboring classeszUganda.9172697 2ddccBK c58137d58137 00102ddc40718NFICaRUCLbRUCLcReadingd2016-12-17eSwets & zeitlingerg25.00l0o331.7096761 ELM 1960r2016-12-17 00:00:00tC-1w2016-12-17yBK